El rumbo de la transformación educativa : temas, retos globales y lecciones sobre la reforma estructural = Leading educational change : global issues, challenges, and lessons on whole-system reform /
Gardado en:
| Outros autores: | , , |
|---|---|
| Formato: | Electrónico eBook |
| Idioma: | Lingua castelá inglés |
| Publicado: |
Ciudad de México :
Fondo de Cultura Económica,
2017.
|
| Edición: | Primera edición electrónica. |
| Series: | Sección de obras de educación y pedagogía.
|
| Subjects: | |
| Acceso en liña: | Digitalia Hispánica |
| Tags: |
Engadir etiqueta
Sen Etiquetas, Sexa o primeiro en etiquetar este rexistro!
|
MARC
| LEADER | 00000nam a2200000Ii 4500 | ||
|---|---|---|---|
| 001 | DIGFCE2292 | ||
| 003 | NyNyDIG | ||
| 006 | m o d | ||
| 007 | cr ||||||||||| | ||
| 008 | 240615t20172016mx ob 000 0 spa d | ||
| 035 | |a (OCoLC)1442066864 | ||
| 040 | |a DGITA |b eng |e rda |e pn |c DGITA | ||
| 020 | |a 9786071650979 |q (ePub) | ||
| 020 | |z 9786071644480 | ||
| 041 | 1 | |a spa |h eng | |
| 043 | |a n-mx--- | ||
| 050 | 1 | 4 | |a LB1027 ebook |
| 130 | 0 | |a Leading educational change. |l Spanish |s (Pimentel) | |
| 245 | 1 | 3 | |a El rumbo de la transformación educativa : |b temas, retos globales y lecciones sobre la reforma estructural = Leading educational change : global issues, challenges, and lessons on whole-system reform / |c coordinadora Helen Janc Malone ; prólogo Michael Fullan ; traducción Marcela Pimentel. |
| 246 | 1 | |i English title on cover: |a Leading educational change : |b global issues, challenges, and lessons on whole-system reform | |
| 250 | |a Primera edición electrónica. | ||
| 264 | 1 | |a Ciudad de México : |b Fondo de Cultura Económica, |c 2017. | |
| 264 | 4 | |c ©2016 | |
| 300 | |a 1 online resource. | ||
| 336 | |a text |b txt |2 rdacontent | ||
| 337 | |a computer |b c |2 rdamedia | ||
| 338 | |a online resource |b cr |2 rdacarrier | ||
| 347 | |a text file |2 rdaft | ||
| 347 | |b EPUB | ||
| 490 | 1 | |a Sección de obras de educación y pedagogía | |
| 500 | |a Subtitle should read: temas, retos globales y lecciones sobre la reforma estructural | ||
| 504 | |a Includes bibliographical references. | ||
| 588 | 0 | |a Online resource; title from ePub title page (Digitalia, viewed June 15, 2024) | |
| 650 | 0 | |a Educational innovations |z Mexico. | |
| 700 | 1 | |a Malone, Helen Janc, |e editor. | |
| 700 | 1 | |a Fullan, Michael, |e contributor agent of text. | |
| 700 | 1 | |a Pimentel, Marcela, |e translator. | |
| 776 | 0 | 8 | |i Print version: |a Leading educational change. Spanish (Pimentel). |t Rumbo de la transformación educativa. |b Primera edición en español. |d Ciudad de México : Fondo de Cultura Económica, 2016 |z 9786071644480 |
| 791 | 2 | |a Digitalia (Firm), |e distributor. | |
| 793 | 0 | |g Digitalia eBook Collection: |a Fondo de Cultura Económica | |
| 830 | 0 | |a Sección de obras de educación y pedagogía. | |
| 856 | 4 | 0 | |3 Digitalia Hispánica |u https://digitalia.unach.elogim.com/a/134228/ |
| 910 | |a Premium collection: 2024 | ||